000 00808nam a22001817a 4500
003 UA-OsUOA
001 19673
007 ta
008 20040913b un ||||| |||| 00| 0 ukr d
100 _aІсаєва Т.
942 _cSA
040 _aUA-OsUOA
_cUA-OsUOA
_dUA-OsUOA
245 _aПалати для vip - пацієнтів незабаром відкриються й у райлікарнях
_b[У Рівнен. обл. клініч. лікув.-діагност. центрі відкрито новий стаціонар , що діятиме на базі відділення репродуктив. здоров'я]
300 _aС.2
955 _a0
773 0 _w0
_tВісті Рівненщини
_dРівне
_d2004
_g№83/8 верес./
650 7 _aКраєзнавча робота
_2UDC
999 _c305844
_d305844